000 00370nam a22001457a 4500
999 _c14092
_d14092
020 _a9788183601597
082 _a631.37201
_bSHA/AG
100 _aSharma, D.N
_975
245 _aAgricultural tractor and machinery
260 _aNew Delhi
_bJain Brothers
_c2011
650 _aObjective questions
_976
700 _aMukesh S
_977
700 _aVivek Balyan
_978
942 _cBK